Formas de producción de la fuerza de trabajo en el capitalismo contemporáneo /
Uloženo v:
| Hlavní autor: | |
|---|---|
| Médium: | Text |
| Témata: | |
| Tagy: |
Přidat tag
Žádné tagy, Buďte první, kdo vytvoří štítek k tomuto záznamu!
|
MARC
| LEADER | 00000 a a2200000 04500 | ||
|---|---|---|---|
| 001 | 44891 | ||
| 003 | |||
| 040 | |||
| 100 | |a Cataife,Daniel | ||
| 245 | |a Formas de producción de la fuerza de trabajo en el capitalismo contemporáneo / |c Daniel Cataife | ||
| 650 | |a TRABAJO | ||
| 650 | |a CAPITALISMO | ||
| 650 | |a TRABAJADORES | ||
| 773 | |g volumen44, número3 (1982), Páginas 815-841 | ||
| 999 | |c 25726 |d 25726 | ||
